[Event "Catalunya-ch Seniors"]
[Site "Malgrat del Mar"]
[Date "2023.05.18"]
[Round "5"]
[White "Cerdans Costa, Ferran"]
[Black "Rodon Balcells, Jaume"]
[Result "1-0"]
[WhiteElo "1670"]
[BlackElo "1816"]
[PlyCount "59"]
[EventDate "2023.05.14"]
[EventType "swiss"]
[EventRounds "8"]
[EventCountry "ESP"]
[SourceTitle "CBM 214 Extra"]
[Source "ChessBase"]
[SourceDate "2023.07.31"]
[SourceVersion "1"]
[SourceVersionDate "2023.07.31"]
[SourceQuality "1"]

1. d4 Nf6 2. c4 e6 3. Nc3 Bb4 4. Qc2 0-0 5. e3 c5 6. Nf3 d5 7. a3 Bxc3+ 8. bxc3 Nc6 9. Bd3 dxc4 10. Bxc4 cxd4 11. cxd4 Bd7 12. Bd3 Rc8 13. Qe2 Na5 14. Rb1 Nb3 15. 0-0 Nxc1 16. Rfxc1 Bc6 17. Ne5 Qa5 18. Nxc6 bxc6 19. Qb2 g6 20. Rc5 Qc7 21. Rbc1 Qd6 22. Qc2 Rc7 23. a4 Nd5 24. Bb5 Nb4 25. Qc4 a5 26. Bxc6 Rfc8 27. Bf3 Rxc5 28. dxc5 Qd3 29. Qb5 Nd5 30. Qxd3 1-0

[Event "Catalunya-ch Seniors"]
[Site "Malgrat del Mar"]
[Date "2023.05.16"]
[Round "3"]
[White "Cerdans Costa, Ferran"]
[Black "Garcia Garrido, Ferran"]
[Result "0-1"]
[WhiteElo "1670"]
[BlackElo "2020"]
[PlyCount "92"]
[EventDate "2023.05.14"]
[EventType "swiss"]
[EventRounds "8"]
[EventCountry "ESP"]
[SourceTitle "CBM 214 Extra"]
[Source "ChessBase"]
[SourceDate "2023.07.31"]
[SourceVersion "1"]
[SourceVersionDate "2023.07.31"]
[SourceQuality "1"]

1. d4 Nf6 2. c4 e6 3. Nc3 Bb4 4. Qc2 c5 5. e3 b6 6. Bd3 Bb7 7. f3 0-0 8. Nge2 d5 9. a3 Bxc3+ 10. bxc3 h6 11. 0-0 Ba6 12. cxd5 c4 13. Be4 exd5 14. Bf5 Re8 15. Ng3 Bb7 16. Re1 h5 17. Bd2 h4 18. Nh1 Kh8 19. Nf2 Na6 20. e4 dxe4 21. fxe4 g6 22. Bh3 Nh7 23. Re2 Nc7 24. Rae1 Ne6 25. Bxe6 fxe6 26. Bh6 Rg8 27. Ng4 h3 28. Ne5 Qe7 29. Rf1 Nf6 30. Bg5 Raf8 31. Ref2 hxg2 32. Kxg2 Bxe4+ 33. Qxe4 Nxe4 34. Bxe7 Rxf2+ 35. Rxf2 Nxf2 36. Kxf2 b5 37. Kf3 Kh7 38. Kg4 Re8 39. Bc5 a5 40. Nc6 b4 41. a4 bxc3 42. Nxa5 c2 43. Ba3 Ra8 44. Nxc4 Rxa4 45. Ne3 Rxa3 46. Nxc2 Ra2 0-1

[Event "Catalunya-ch Seniors"]
[Site "Malgrat del Mar"]
[Date "2023.05.14"]
[Round "1"]
[White "Cerdans Costa, Ferran"]
[Black "Fernandez Vicente, Carmelo"]
[Result "0-1"]
[WhiteElo "1670"]
[BlackElo "2002"]
[PlyCount "70"]
[EventDate "2023.05.14"]
[EventType "swiss"]
[EventRounds "8"]
[EventCountry "ESP"]
[SourceTitle "CBM 214 Extra"]
[Source "ChessBase"]
[SourceDate "2023.07.31"]
[SourceVersion "1"]
[SourceVersionDate "2023.07.31"]
[SourceQuality "1"]

1. d4 Nf6 2. c4 c5 3. d5 e6 4. Nc3 exd5 5. cxd5 d6 6. e4 g6 7. Nf3 Bg7 8. Nd2 0-0 9. Be2 Na6 10. 0-0 Nc7 11. a4 b6 12. Rb1 Ba6 13. b4 Bxe2 14. Qxe2 Re8 15. Qd3 Ng4 16. Nc4 Na6 17. Bf4 Nxb4 18. Qg3 Ne5 19. Nxe5 Bxe5 20. Bxe5 dxe5 21. f4 f6 22. Rb2 a6 23. Rbf2 Ra7 24. h4 Rg7 25. fxe5 fxe5 26. Qf3 h5 27. Qf6 Qb8 28. Rf3 Nc2 29. d6 Nd4 30. Rg3 Re6 31. Qg5 Qxd6 32. Rf2 Qe7 33. Qxe7 Rgxe7 34. Nd5 Rf7 35. Rxf7 Kxf7 0-1

[Event "Catalunya-ch Seniors"]
[Site "Vila Seca"]
[Date "2017.05.28"]
[Round "9"]
[White "Buxade Roca, Guillermo"]
[Black "Cerdans Costa, Ferran"]
[Result "1-0"]
[WhiteElo "2038"]
[BlackElo "1732"]
[PlyCount "49"]
[EventDate "2017.05.20"]
[EventType "swiss"]
[EventRounds "9"]
[EventCountry "ESP"]
[SourceTitle "CBM 178 Extra"]
[Source "ChessBase"]
[SourceDate "2017.06.22"]
[SourceVersion "1"]
[SourceVersionDate "2017.06.22"]
[SourceQuality "1"]

1. e4 e6 2. d3 d5 3. Nd2 b6 4. exd5 exd5 5. g3 Nf6 6. Bg2 Be6 7. Ne2 Bd6 8. 0-0 Na6 9. Nd4 Bd7 10. Re1+ Kf8 11. Nf1 Rc8 12. c3 c6 13. Ne3 Nc5 14. b4 Ne6 15. Ndf5 Bb8 16. a4 h5 17. b5 g6 18. bxc6 Bxc6 19. Ba3+ Ke8 20. Be7 Qd7 21. Bxf6 Rh7 22. Ne7 Rc7 23. N3xd5 h4 24. Be5 hxg3 25. Nf6+ 1-0

[Event "Moia op 1st"]
[Site "Moia"]
[Date "2013.07.07"]
[Round "8"]
[White "Cerdans Costa, Ferran"]
[Black "Orra Noguera, Francisco"]
[Result "0-1"]
[WhiteElo "1847"]
[BlackElo "1901"]
[PlyCount "50"]
[EventDate "2013.05.19"]
[EventType "swiss"]
[EventRounds "8"]
[EventCountry "ESP"]
[SourceTitle "EXT 2014"]
[Source "ChessBase"]
[SourceDate "2013.11.20"]
[SourceVersion "1"]
[SourceVersionDate "2013.11.20"]
[SourceQuality "1"]

1. d4 d5 2. c4 dxc4 3. Nf3 Nf6 4. e3 e6 5. Bxc4 c5 6. 0-0 cxd4 7. exd4 a6 8. Bg5 Be7 9. Nc3 b5 10. Bb3 Bb7 11. Ne5 Nbd7 12. Qe2 0-0 13. Nxf7 Rxf7 14. Bxe6 Nf8 15. Bxf7+ Kxf7 16. Rfe1 Qd7 17. Rad1 Re8 18. Qc2 Qg4 19. Qb3+ Ne6 20. d5 Nxg5 21. d6+ Kg6 22. Qc2+ Kh6 23. f3 Nxf3+ 24. Kh1 Nxe1 25. Rxe1 Bxd6 0-1

[Event "Moia op 1st"]
[Site "Moia"]
[Date "2013.06.23"]
[Round "6"]
[White "Cerdans Costa, Ferran"]
[Black "Arcusa Postils, Eduard"]
[Result "1-0"]
[WhiteElo "1847"]
[BlackElo "1600"]
[PlyCount "74"]
[EventDate "2013.05.19"]
[EventType "swiss"]
[EventRounds "8"]
[EventCountry "ESP"]
[SourceTitle "EXT 2014"]
[Source "ChessBase"]
[SourceDate "2013.11.20"]
[SourceVersion "1"]
[SourceVersionDate "2013.11.20"]
[SourceQuality "1"]

1. d4 d5 2. c4 c6 3. Nf3 Nf6 4. Nc3 a6 5. e3 b5 6. cxd5 cxd5 7. Bd3 Bg4 8. 0-0 e6 9. Qe2 Nbd7 10. h3 Bh5 11. a3 Be7 12. e4 dxe4 13. Nxe4 Nd5 14. Bd2 0-0 15. Rac1 Qb6 16. g4 Bg6 17. b4 Ra7 18. Nc5 Bxd3 19. Qxd3 Qd8 20. Nxd7 Qxd7 21. Ne5 Qb7 22. Rc2 Raa8 23. Rfc1 Rac8 24. Nc6 Bd6 25. Be3 Qd7 26. Na5 Rxc2 27. Qxc2 Qe7 28. Qe4 Qh4 29. Kg2 Nf6 30. Qf3 e5 31. dxe5 Bxe5 32. Rc5 Nd7 33. Rd5 Qe7 34. Qf5 Bd6 35. Qd3 Ne5 36. Qd1 Rd8 37. Bc5 Nc4 1-0

[Event "La Pobla de Lillet op 22nd"]
[Site "La Pobla de Lillet"]
[Date "2012.08.06"]
[Round "6"]
[White "Cerdans Costa, Ferran"]
[Black "Tejero Royo, Fermin"]
[Result "1/2-1/2"]
[WhiteElo "1882"]
[BlackElo "2136"]
[PlyCount "114"]
[EventDate "2012.08.01"]
[EventType "swiss"]
[EventRounds "9"]
[EventCountry "ESP"]
[SourceTitle "CBM 149 Extra"]
[Source "ChessBase"]
[SourceDate "2012.08.24"]
[SourceVersion "1"]
[SourceVersionDate "2012.08.24"]
[SourceQuality "1"]

1. d4 d5 2. c4 e6 3. Nc3 Nf6 4. Bg5 c6 5. e3 Nbd7 6. Nf3 Be7 7. Rc1 0-0 8. Bd3 b6 9. 0-0 Bb7 10. Qe2 c5 11. Rfd1 Ne4 12. Bxe7 Qxe7 13. Nd2 Nxd2 14. Rxd2 cxd4 15. exd4 dxc4 16. Bxc4 Qg5 17. d5 Ne5 18. Ne4 Qg6 19. Bb3 exd5 20. Bxd5 Bxd5 21. Rxd5 Qe6 22. Rcd1 Ng6 23. Ng3 Qf6 24. Qd2 Qf4 25. Qxf4 Nxf4 26. Rd7 Ne6 27. Kf1 g6 28. Ne4 Kg7 29. Rb7 Rfd8 30. Rdd7 Rxd7 31. Rxd7 Rc8 32. Rxf7+ Kxf7 33. Nd6+ Kf6 34. Nxc8 Ke5 35. Nxa7 Kd4 36. Nb5+ Kd3 37. Na3 Nd4 38. f4 Ne2 39. g3 Nc1 40. Kf2 Nxa2 41. Kf3 Nb4 42. f5 gxf5 43. Kf4 Nc2 44. Kxf5 Ne3+ 45. Kf4 Nd1 46. g4 Nxb2 47. h4 Kd4 48. g5 Nd3+ 49. Kf5 Ne5 50. h5 Nf3 51. Kf6 Nh4 52. Kg7 Nf3 53. Kh6 Ke4 54. g6 hxg6 55. Kxg6 Ne5+ 56. Kf6 Kf4 57. Nb5 Ng4+ 1/2-1/2

[Event "La Pobla de Lillet op 18th"]
[Site "La Pobla de Lillet"]
[Date "2008.08.02"]
[Round "1"]
[White "Guramishvili, Sopiko"]
[Black "Cerdans Costa, Ferran"]
[Result "1-0"]
[WhiteElo "2302"]
[BlackElo "1906"]
[PlyCount "79"]
[EventDate "2008.08.02"]
[EventType "swiss"]
[EventRounds "9"]
[EventCountry "ESP"]
[SourceTitle "EXT 2009"]
[Source "ChessBase"]
[SourceDate "2008.11.26"]
[SourceVersion "1"]
[SourceVersionDate "2008.11.26"]
[SourceQuality "1"]

1. d4 d5 2. c4 c6 3. Nf3 Nf6 4. Nc3 e6 5. Bg5 Nbd7 6. cxd5 exd5 7. e3 Be7 8. Qc2 h6 9. Bf4 b6 10. Bd3 Bb7 11. h3 Rc8 12. Bf5 Ra8 13. Ne5 0-0 14. g4 c5 15. 0-0-0 cxd4 16. exd4 Nxe5 17. dxe5 Ne8 18. Kb1 Bg5 19. Bg3 g6 20. Be4 Nc7 21. h4 Be7 22. g5 Qd7 23. gxh6 Qe6 24. Bg2 Rac8 25. Bh3 Qc6 26. Bxc8 Bxc8 27. Qd2 Bf5+ 28. Ka1 Rd8 29. Ne2 Be4 30. Nd4 Qd7 31. f3 Bf5 32. Rc1 Nb5 33. Nc6 Re8 34. Nxe7+ Qxe7 35. Qxd5 a6 36. h7+ Kh8 37. h5 Rd8 38. hxg6 Bxg6 39. Qc4 Nd4 40. Bh4 1-0

[Event "La Pobla de Lillet op 17th"]
[Site "La Pobla de Lillet"]
[Date "2007.08.02"]
[Round "1"]
[White "Matnadze, Ana"]
[Black "Cerdans Costa, Ferran"]
[Result "1-0"]
[WhiteElo "2409"]
[BlackElo "1926"]
[PlyCount "67"]
[EventDate "2007.08.02"]
[EventType "swiss"]
[EventRounds "9"]
[EventCountry "ESP"]
[SourceTitle "EXT 2008"]
[Source "ChessBase"]
[SourceDate "2007.11.25"]
[SourceVersion "1"]
[SourceVersionDate "2007.11.25"]
[SourceQuality "1"]

1. d4 Nf6 2. Nf3 e6 3. c4 d5 4. g3 b6 5. Bg2 Bb7 6. 0-0 Nbd7 7. Ne5 Bd6 8. Qa4 0-0 9. Bf4 Bxe5 10. dxe5 Ng4 11. cxd5 exd5 12. e6 fxe6 13. Bxc7 Qxc7 14. Qxg4 Rf6 15. Nc3 Ne5 16. Qd4 Nc6 17. Qd2 Rd8 18. Rac1 Qe5 19. f4 Qd4+ 20. Qxd4 Nxd4 21. Rfd1 Nf5 22. Kf2 Rff8 23. Bf3 Nd6 24. Rd4 Rfe8 25. Rcd1 Nf5 26. R4d2 Rc8 27. e4 dxe4 28. Nxe4 Rc4 29. Ng5 Bxf3 30. Nxf3 Rcc8 31. Ne5 Ne7 32. Rd7 Nd5 33. Rd2 Re7 34. R2xd5 1-0